INTENTOS DE LECTURA DE LOS AFIJOS DE LOS JEROGLIFICOS EN LOS CODICES MAYAS/

Na minha lista:
Detalhes bibliográficos
Autor principal: Barthel, Thomas S. (autor)
Formato: Livro
Colecção:CUADERNOS; 2
Assuntos:
Tags: Adicionar Tag
Sem tags, seja o primeiro a adicionar uma tag!

MARC

LEADER 00000nam^a2200000^a^4500
001 000215904
005 20250521000000.0
009 20260310103637.841
035 |a 039340 
037 |a Acervo Xavier Clavigero 
082 |a 497. 4  |b BAR 
100 |a Barthel, Thomas S.  |e (autor) 
245 1 0 |a INTENTOS DE LECTURA DE LOS AFIJOS DE LOS JEROGLIFICOS EN LOS CODICES MAYAS/  |c THOMAS S. BARTHEL 
264 |a MEXICO :  |b UNAM,  |c 1969 
300 |a 47p. :  |b tbs. 
336 |a texto  |b txt  |2 rdacontenido 
337 |a sin mediación  |b n  |2 rdamedio 
338 |a volumen  |b nc  |2 rdasoporte 
440 |a CUADERNOS;  |v 2 
649 |a XX 
650 |a Pictogramas Mayas 
650 |a MANUSCRITOS MAYAS 
910 |a Fondo General 
920 |a Impresos - Libros 
930 |a Colección General 
905 |a 101 
901 |a 039340  |b IT1  |c ACC  |i 039340  |u 20250521 
902 |a https://opac.biblio.iteso.mx/vufind/Record/000215904